[Event "Titled Tuesday intern op 12th Mar Early"]
[Site "Chess.com INT"]
[Date "2024.03.12"]
[Round "7"]
[White "Bosnjak, Petar"]
[Black "Oro, Faustino"]
[Result "1-0"]
[WhiteElo "2337"]
[BlackElo "2330"]
[PlyCount "81"]
[EventDate "2024.03.12"]
[EventType "swiss (blitz)"]
[EventRounds "11"]
[EventCountry "USA"]
[SourceTitle "CB12_2024"]
[SourceDate "2023.10.01"]
[SourceVersion "1"]
[SourceVersionDate "2023.10.01"]
[SourceQuality "1"]

1. d4 Nf6 2. c4 e6 3. Nf3 d5 4. Nc3 Bb4 5. Bg5 h6 6. Bxf6 Qxf6 7. Qa4+ Nc6 8. Ne5 Bxc3+ 9. bxc3 0-0 10. Nxc6 Bd7 11. cxd5 exd5 12. e3 Bxc6 13. Qc2 Qg5 14. g3 Bd7 15. Bg2 c6 16. 0-0 Rfe8 17. a4 a5 18. c4 dxc4 19. Qxc4 Be6 20. Qc3 Qe7 21. Rab1 Reb8 22. Rb6 Bf5 23. Qb2 Qc7 24. Rc1 Bc8 25. d5 c5 26. d6 Qd7 27. Qe5 Qxa4 28. Qxc5 Be6 29. Bxb7 Rxb7 30. Rxb7 Qe4 31. Re7 Rd8 32. d7 Rxd7 33. Re8+ Kh7 34. h4 Qf3 35. Qc2+ Bf5 36. Qc4 Bh3 37. Qe4+ Qxe4 38. Rxe4 Ra7 39. Ra1 Bd7 40. Re7 a4 41. Rd1 1-0

[Event "Titled Tuesday intern op 12th Mar Early"]
[Site "Chess.com INT"]
[Date "2024.03.12"]
[Round "4"]
[White "Bosnjak, Petar"]
[Black "Wagh, Suyog"]
[Result "1-0"]
[WhiteElo "2337"]
[BlackElo "2250"]
[PlyCount "61"]
[EventDate "2024.03.12"]
[EventType "swiss (blitz)"]
[EventRounds "11"]
[EventCountry "USA"]
[SourceTitle "CB12_2024"]
[SourceDate "2023.10.01"]
[SourceVersion "1"]
[SourceVersionDate "2023.10.01"]
[SourceQuality "1"]

1. d4 Nf6 2. c4 e6 3. Nf3 b6 4. Nc3 Bb4 5. Qc2 Bb7 6. Bg5 h6 7. Bxf6 Qxf6 8. a3 Bxc3+ 9. Qxc3 0-0 10. g3 d6 11. Bg2 Nd7 12. 0-0 Rfe8 13. Rfe1 Be4 14. Rad1 Rad8 15. b4 c5 16. Qe3 Ba8 17. dxc5 dxc5 18. Rd6 cxb4 19. axb4 Bxf3 20. exf3 Nf8 21. Rxd8 Rxd8 22. c5 bxc5 23. bxc5 Qb2 24. c6 Qc2 25. f4 Rd1 26. Bf3 Rxe1+ 27. Qxe1 Qc5 28. Qb1 a5 29. Qb8 Qc3 30. Kg2 e5 31. fxe5 1-0

[Event "Titled Tuesday intern op 13th Feb Early"]
[Site "Chess.com INT"]
[Date "2024.02.13"]
[Round "3"]
[White "Bosnjak, Petar"]
[Black "Koridze, Lile"]
[Result "1-0"]
[WhiteElo "2337"]
[BlackElo "2167"]
[PlyCount "50"]
[EventDate "2024.02.13"]
[EventType "swiss (blitz)"]
[EventRounds "11"]
[EventCountry "USA"]
[SourceTitle "CB08_2024"]
[SourceDate "2024.02.21"]
[SourceVersion "1"]
[SourceVersionDate "2024.02.21"]
[SourceQuality "1"]

1. d4 Nf6 2. c4 e6 3. Nf3 d5 4. g3 Bb4+ 5. Bd2 Be7 6. Bg2 0-0 7. 0-0 c6 8. Qc2 b6 9. Ne5 Bb7 10. cxd5 cxd5 11. Rc1 Nbd7 12. Qc7 Ba6 13. Nc6 Qe8 14. Nc3 Kh8 15. Nxe7 Qxe7 16. Bf4 Rfc8 17. Qd6 Qe8 18. Qa3 Bb7 19. Nb5 e5 20. dxe5 Rxc1+ 21. Rxc1 Nxe5 22. Nc7 Nc4 23. Rxc4 Qxe2 24. Rc1 Rc8 25. Bf3 Qe7 1-0

[Event "Titled Tuesday intern op 12th Sep Early"]
[Site "Chess.com INT"]
[Date "2023.09.12"]
[Round "4"]
[White "Oparin, Grigoriy"]
[Black "Bosnjak, Petar"]
[Result "0-1"]
[WhiteElo "2681"]
[BlackElo "2337"]
[PlyCount "66"]
[EventDate "2023.09.12"]
[EventType "swiss (blitz)"]
[EventRounds "11"]
[EventCountry "USA"]
[SourceTitle "EXT 2024"]
[Source "ChessBase"]
[SourceDate "2023.10.10"]
[SourceVersion "1"]
[SourceVersionDate "2023.10.10"]
[SourceQuality "1"]

1. d4 d5 2. c4 c6 3. Nf3 Nf6 4. Nc3 dxc4 5. a4 Bf5 6. e3 e6 7. Bxc4 Bb4 8. 0-0 Nbd7 9. Qe2 a5 10. e4 Bg6 11. e5 Nd5 12. Ne4 N7b6 13. Bd3 Be7 14. Rd1 0-0 15. h3 h6 16. Ng3 Nb4 17. Be4 N6d5 18. Ra3 Qd7 19. Nh2 b6 20. Nh5 f5 21. Rg3 Bxh5 22. Qxh5 fxe4 23. Ng4 Bg5 24. Nxh6+ Bxh6 25. Bxh6 Rf7 26. Re1 Nd3 27. Rxe4 N5f4 28. Qh4 Qe7 29. Bg5 Qb4 30. Bxf4 Nc5 31. Re2 Qxd4 32. Be3 Qxh4 33. Rg4 Qh5 0-1

[Event "Titled Tuesday intern op 25th Apr Early"]
[Site "Chess.com INT"]
[Date "2023.04.25"]
[Round "5"]
[White "Bosnjak, Petar"]
[Black "Syaputra, Arifa Rizki"]
[Result "1-0"]
[WhiteElo "2337"]
[BlackElo "2239"]
[PlyCount "117"]
[EventDate "2023.04.25"]
[EventType "swiss (blitz)"]
[EventRounds "11"]
[EventCountry "USA"]
[SourceTitle "EXT 2024"]
[Source "ChessBase"]
[SourceDate "2023.10.10"]
[SourceVersion "1"]
[SourceVersionDate "2023.10.10"]
[SourceQuality "1"]

1. d4 Nf6 2. c4 g6 3. Nc3 Bg7 4. e4 d6 5. Nf3 0-0 6. Be2 e5 7. 0-0 Nbd7 8. Be3 exd4 9. Nxd4 Re8 10. f3 c6 11. Nb3 Ne5 12. c5 dxc5 13. Qxd8 Rxd8 14. Nxc5 b6 15. Na6 Ne8 16. Bg5 Rd6 17. Rad1 h6 18. Rxd6 Nxd6 19. Nc7 Rb8 20. Be7 Ndc4 21. Ne8 Nxb2 22. Nxg7 Nbc4 23. Ne8 Be6 24. Nf6+ Kg7 25. Bxc4 Nxc4 26. Ng4 Rb7 27. Bf6+ Kh7 28. Ne5 Ne3 29. Re1 Nc2 30. Rd1 Rb8 31. Nxc6 Rc8 32. Rd8 Rxd8 33. Nxd8 a6 34. a4 Bc4 35. Nc6 b5 36. axb5 axb5 37. Be7 Kg7 38. Nb4 Nd4 39. Kf2 f6 40. Ncd5 Kf7 41. Bxf6 Nb3 42. Bc3 Nc5 43. Ke3 g5 44. g3 Na4 45. Bd4 Ke6 46. f4 gxf4+ 47. gxf4 Kd6 48. f5 Nc5 49. e5+ Kd7 50. e6+ Kd6 51. e7 Kd7 52. f6 h5 53. Nc7 h4 54. e8Q+ Kxc7 55. Qe7+ Kb8 56. Qxc5 Bd5 57. Be5+ Ka8 58. Qc7 Bb7 59. Qb8# 1-0

[Event "Titled Tuesday intern op 25th Apr Early"]
[Site "Chess.com INT"]
[Date "2023.04.25"]
[Round "3"]
[White "Christensen, Thomas1111"]
[Black "Bosnjak, Petar"]
[Result "0-1"]
[WhiteElo "2153"]
[BlackElo "2337"]
[PlyCount "102"]
[EventDate "2023.04.25"]
[EventType "swiss (blitz)"]
[EventRounds "11"]
[EventCountry "USA"]
[SourceTitle "EXT 2024"]
[Source "ChessBase"]
[SourceDate "2023.10.10"]
[SourceVersion "1"]
[SourceVersionDate "2023.10.10"]
[SourceQuality "1"]

1. d4 d5 2. e4 dxe4 3. Nc3 Nf6 4. f3 exf3 5. Nxf3 Bf5 6. Ne5 e6 7. Qf3 c6 8. Bc4 Bg6 9. Nxg6 hxg6 10. Be3 Qc7 11. 0-0-0 Nbd7 12. h3 Bb4 13. Bf4 Bd6 14. Bxd6 Qxd6 15. g4 g5 16. Rhf1 0-0-0 17. Ne4 Nxe4 18. Qxe4 Nf6 19. Qe5 b5 20. Be2 Rxh3 21. Qxg5 Ne4 22. Qxg7 Ng3 23. Rf2 Nxe2+ 24. Rxe2 Qf4+ 25. Kb1 Qxd4 26. Qxd4 Rxd4 27. Rf1 Rf3 28. Rh1 Rxg4 29. b3 Kc7 30. Rh8 b4 31. Rd2 Rg1+ 32. Kb2 Rff1 33. c4 Rb1+ 34. Kc2 Rgc1+ 35. Kd3 Rd1 36. Re8 Rxd2+ 37. Kxd2 Rf1 38. Re7+ Kb6 39. c5+ Kxc5 40. Rxa7 e5 41. Re7 Kd6 42. Rb7 c5 43. Kd3 f5 44. Kc4 Rc1+ 45. Kb5 f4 46. Rb8 f3 47. Rd8+ Ke6 48. Re8+ Kd5 49. Rd8+ Ke4 50. Rf8 Ke3 51. Kc6 e4 0-1

[Event "Titled Tuesday intern op 17th Jan Early"]
[Site "Chess.com INT"]
[Date "2023.01.17"]
[Round "7"]
[White "Bosnjak, Petar"]
[Black "Weetik, Vjacheslav"]
[Result "1-0"]
[WhiteElo "2337"]
[BlackElo "2423"]
[PlyCount "107"]
[EventDate "2023.01.17"]
[EventType "swiss (blitz)"]
[EventRounds "11"]
[EventCountry "USA"]
[SourceTitle "CBM 212 Extra"]
[Source "ChessBase"]
[SourceDate "2023.03.31"]
[SourceVersion "1"]
[SourceVersionDate "2023.03.31"]
[SourceQuality "1"]

1. d4 Nf6 2. c4 g6 3. Nc3 Bg7 4. e4 d6 5. f3 0-0 6. Be3 c5 7. Nge2 Nc6 8. Qd2 Qa5 9. Rd1 a6 10. h4 h5 11. dxc5 dxc5 12. Nd5 Qxa2 13. Nc1 Qa5 14. Nxe7+ Kh7 15. Qxa5 Nxa5 16. Bxc5 Be6 17. b3 Rfe8 18. Nd5 Rac8 19. Bb6 Nc6 20. Be2 Nd7 21. Be3 Nde5 22. Kf2 Na5 23. Nf4 Bd7 24. Rd2 b5 25. cxb5 Bxb5 26. Bxb5 axb5 27. Ra2 Nac6 28. Nd5 Ne7 29. Nxe7 Rxe7 30. Rd1 Rec7 31. Ne2 Nc6 32. Rc2 Nb4 33. Rxc7 Rxc7 34. f4 Rc2 35. Rd2 Rc7 36. Kf3 Bf8 37. f5 Be7 38. Bg5 f6 39. Bf4 Rb7 40. fxg6+ Kxg6 41. Bd6 Nc6 42. Nf4+ Kf7 43. Bxe7 Rxe7 44. Nxh5 Ne5+ 45. Ke2 Rc7 46. Nf4 Rc3 47. Nd3 Rxb3 48. Nxe5+ fxe5 49. Rd3 Rb2+ 50. Kf3 b4 51. g4 b3 52. g5 Rb1 53. Kg4 Ke6 54. Kh5 1-0

[Event "Titled Tuesday intern op 09th Aug Early"]
[Site "Chess.com INT"]
[Date "2022.08.09"]
[Round "3"]
[White "Kaufman, Raymond"]
[Black "Bosnjak, Petar"]
[Result "0-1"]
[WhiteElo "2202"]
[BlackElo "2337"]
[PlyCount "72"]
[EventDate "2022.08.09"]
[EventType "swiss (blitz)"]
[EventRounds "11"]
[EventCountry "USA"]
[SourceTitle "EXT 2023"]
[Source "ChessBase"]
[SourceDate "2022.10.05"]
[SourceVersion "1"]
[SourceVersionDate "2022.10.05"]
[SourceQuality "1"]

1. e4 c6 2. Nc3 d5 3. Nf3 dxe4 4. Nxe4 Nf6 5. Qe2 Nxe4 6. Qxe4 Nd7 7. Bc4 Nf6 8. Ne5 Nd5 9. 0-0 g6 10. d4 Bg7 11. c3 0-0 12. Qh4 Bf5 13. Bh6 e6 14. Qxd8 Rfxd8 15. Bxg7 Kxg7 16. g4 f6 17. gxf5 fxe5 18. fxe6 exd4 19. cxd4 Nb6 20. Bb3 Rxd4 21. Rad1 Rxd1 22. Rxd1 Re8 23. a4 a5 24. Kg2 Kf6 25. Re1 Ke7 26. Kg3 Rd8 27. Re5 Rd2 28. Rxa5 Rxb2 29. Bd1 Kxe6 30. h4 Nd5 31. Ra8 h5 32. Re8+ Ne7 33. Bf3 Kd7 34. Rb8 Nf5+ 35. Kh3 Kc7 36. Rg8 Rb3 0-1

[Event "Titled Tuesday intern op 01st Feb-A"]
[Site "Chess.com INT"]
[Date "2022.02.01"]
[Round "6"]
[White "Bosnjak, Petar"]
[Black "Magallanes, Rey Jomar"]
[Result "1-0"]
[WhiteElo "2337"]
[BlackElo "2049"]
[PlyCount "87"]
[EventDate "2022.02.01"]
[EventType "swiss (blitz)"]
[EventRounds "11"]
[EventCountry "USA"]
[SourceTitle "CBM 206 Extra"]
[Source "ChessBase"]
[SourceDate "2022.03.31"]
[SourceVersion "1"]
[SourceVersionDate "2022.03.31"]
[SourceQuality "1"]

1. d4 d5 2. c4 e6 3. Nc3 Nf6 4. cxd5 exd5 5. Bg5 Be7 6. e3 Be6 7. Bd3 0-0 8. Nf3 Nbd7 9. 0-0 c5 10. dxc5 Nxc5 11. Nd4 h6 12. Bh4 Nfe4 13. Bxe7 Qxe7 14. Rc1 Rac8 15. Nxe6 fxe6 16. Nxe4 dxe4 17. Bc4 Rfd8 18. Qg4 Kh8 19. Rcd1 Nd3 20. Qxe4 Nxb2 21. Rxd8+ Rxd8 22. Bb3 Nd3 23. Bc2 Qf6 24. Bxd3 g6 25. Qxg6 Qxg6 26. Bxg6 Rd2 27. Ra1 b5 28. g4 a5 29. Kg2 b4 30. Kf3 a4 31. h4 b3 32. axb3 axb3 33. Bf7 b2 34. Rb1 Rc2 35. Bxe6 Rc1 36. Rxb2 Rd1 37. g5 Rd8 38. Kf4 Kh7 39. Rb7+ Kh8 40. Kf5 hxg5 41. hxg5 Rf8+ 42. Kg6 Rg8+ 43. Bxg8 Kxg8 44. Rb8# 1-0

[Event "Titled Tuesday intern op 01st Feb-A"]
[Site "Chess.com INT"]
[Date "2022.02.01"]
[Round "5"]
[White "Bosnjak, Petar"]
[Black "Serikbay, Assel"]
[Result "1-0"]
[WhiteElo "2337"]
[BlackElo "2196"]
[PlyCount "81"]
[EventDate "2022.02.01"]
[EventType "swiss (blitz)"]
[EventRounds "11"]
[EventCountry "USA"]
[SourceTitle "CBM 206 Extra"]
[Source "ChessBase"]
[SourceDate "2022.03.31"]
[SourceVersion "1"]
[SourceVersionDate "2022.03.31"]
[SourceQuality "1"]

1. d4 Nf6 2. c4 g6 3. Nc3 d5 4. Bg5 Ne4 5. Bf4 Nxc3 6. bxc3 Bg7 7. e3 dxc4 8. Bxc4 c5 9. Nf3 0-0 10. 0-0 Nc6 11. Rc1 Qa5 12. Qb3 Qb6 13. Qxb6 axb6 14. Bc7 Na5 15. Be2 Be6 16. Bxb6 cxd4 17. cxd4 Bxa2 18. Ra1 Nb3 19. Rad1 Rac8 20. Ne5 Rc2 21. Bf3 Nd2 22. Rfe1 Bxe5 23. dxe5 Nxf3+ 24. gxf3 Be6 25. Kg2 Rfc8 26. h4 Ra2 27. Ra1 Rcc2 28. Rxa2 Rxa2 29. Bd8 Kf8 30. Rb1 Bd5 31. Rd1 Bc6 32. h5 Rb2 33. h6 Rb5 34. Bc7 Rd5 35. Ra1 Rd3 36. Ra8+ Be8 37. Rb8 b5 38. Rb7 Rb3 39. Bd8 b4 40. Bxe7+ Kg8 41. Rb8 1-0

[Event "CRO-chT1B 29th"]
[Site "Mali Losinj"]
[Date "2021.10.03"]
[Round "11.3"]
[White "Safar, Sandro"]
[Black "Bosnjak, Petar"]
[Result "0-1"]
[WhiteElo "2240"]
[BlackElo "2308"]
[PlyCount "120"]
[EventDate "2021.09.25"]
[EventType "team-tourn"]
[EventRounds "11"]
[EventCountry "CRO"]
[SourceTitle "CBM 204 Extra"]
[Source "ChessBase"]
[SourceDate "2021.11.30"]
[SourceVersion "1"]
[SourceVersionDate "2021.11.30"]
[SourceQuality "1"]
[WhiteTeam "Rijeka Junior"]
[BlackTeam "Vinkovci"]
[WhiteTeamCountry "CRO"]
[BlackTeamCountry "CRO"]

1. d4 Nf6 2. Nc3 d6 3. Bf4 Nbd7 4. Nf3 c5 5. d5 b5 6. e3 b4 7. Nb1 g6 8. c4 bxc3 9. Nxc3 Rb8 10. Qc2 Qa5 11. Nd2 Ba6 12. Bxa6 Qxa6 13. f3 Bg7 14. Kf2 Nh5 15. g3 0-0 16. Rad1 f5 17. Ndb1 c4 18. Kg2 Nc5 19. Qe2 Rfc8 20. Rd2 Qa5 21. Bg5 Rc7 22. e4 fxe4 23. fxe4 Nd3 24. Rf1 Rcb7 25. g4 Nf6 26. b3 Ne5 27. Bxf6 Bxf6 28. bxc4 Qc5 29. Rc2 Nxc4 30. Nd1 Rxb1 31. Qxc4 Qa3 32. Qe2 R1b4 33. Nf2 Qa4 34. Rfc1 Kg7 35. Rc4 Rxc4 36. Qxc4 Qxc4 37. Rxc4 Rb2 38. Kf3 Rxa2 39. Rc7 a5 40. e5 Ra3+ 41. Ke2 Bxe5 42. Rxe7+ Kg8 43. h4 Ra2+ 44. Ke3 a4 45. Nd3 Bh2 46. h5 gxh5 47. gxh5 a3 48. Kd4 Rg2 49. Kc3 Bg1 50. Nf4 a2 51. Re1 Rg5 52. Kb2 Bh2 53. Ne2 Rg2 54. Kb3 a1Q 55. Rxa1 Rxe2 56. Ra7 Re5 57. Kc4 Rxh5 58. Rd7 Rf5 59. Kd4 h5 60. Ke4 Rf7 0-1

[Event "FIDE World Uni Rapid-B 1st"]
[Site "Tornelo INT"]
[Date "2021.03.20"]
[Round "6"]
[White "Avalos Herrera, Ian"]
[Black "Bosnjak, Petar"]
[Result "0-1"]
[WhiteElo "1630"]
[BlackElo "2308"]
[PlyCount "114"]
[EventDate "2021.03.20"]
[EventType "swiss (rapid)"]
[EventRounds "12"]
[EventCountry "NET"]
[SourceTitle "CBM 201 Extra"]
[Source "ChessBase"]
[SourceDate "2021.05.31"]
[SourceVersion "1"]
[SourceVersionDate "2021.05.31"]
[SourceQuality "1"]

1. d4 Nf6 2. Bg5 d5 3. Bxf6 gxf6 4. c4 dxc4 5. e3 c5 6. Bxc4 cxd4 7. Qxd4 Qxd4 8. exd4 Nc6 9. Ne2 Bg7 10. 0-0 0-0 11. Nbc3 Rd8 12. Rfd1 Bg4 13. f3 Bf5 14. a3 Rac8 15. Ba2 Na5 16. Ng3 Bg6 17. Rac1 Bh6 18. Ra1 Be3+ 19. Kh1 Bxd4 20. Nge2 Bb6 21. Nd5 Kf8 22. Nxb6 axb6 23. Nf4 e6 24. h3 Ke7 25. Nxg6+ hxg6 26. b4 Nc6 27. Rac1 Rxd1+ 28. Rxd1 e5 29. Bd5 Rd8 30. Bb3 Nd4 31. Ba2 Rc8 32. Bd5 Rc3 33. Bxb7 Rxa3 34. Rb1 f5 35. b5 f4 36. Bc6 f5 37. h4 Rb3 38. Ra1 Nxb5 39. Bxb5 Rxb5 40. Ra7+ Kf6 41. Rc7 e4 42. fxe4 fxe4 43. Kg1 e3 44. Kf1 Kf5 45. Rf7+ Kg4 46. Rf6 g5 47. hxg5 Kxg5 48. Rf8 Rb2 49. Rg8+ Kf5 50. Re8 b5 51. Re7 b4 52. Re8 b3 53. Rb8 Rb1+ 54. Ke2 b2 55. Rf8+ Ke5 56. Re8+ Kd6 57. g4 Rg1 0-1

[Event "FISU World University"]
[Site "Tornelo INT"]
[Date "2020.10.26"]
[Round "2.5"]
[White "Bosnjak, Petar"]
[Black "Quiroga Jaquez, Angel Ivan"]
[Result "1-0"]
[WhiteElo "2308"]
[BlackElo "2178"]
[PlyCount "83"]
[EventDate "2020.10.26"]
[EventType "team-swiss (rapid)"]
[EventRounds "9"]
[EventCountry "NET"]
[SourceTitle "CBM 199 Extra"]
[Source "ChessBase"]
[SourceDate "2021.01.31"]
[SourceVersion "1"]
[SourceVersionDate "2021.01.31"]
[SourceQuality "1"]
[WhiteTeam "Croatia"]
[BlackTeam "Mexico III"]
[WhiteTeamCountry "CRO"]
[BlackTeamCountry "MEX"]

1. e4 e5 2. Nf3 Nc6 3. Bc4 Nf6 4. d3 Be7 5. 0-0 0-0 6. a4 d6 7. a5 a6 8. c3 Be6 9. Nbd2 Qd7 10. Re1 h6 11. Nf1 Rfe8 12. Bxe6 fxe6 13. Ng3 Nh7 14. h3 Rf8 15. Be3 Rae8 16. Qb3 Nd8 17. d4 exd4 18. cxd4 Kh8 19. Rac1 c6 20. d5 exd5 21. exd5 c5 22. Nd2 Bg5 23. Nc4 Bxe3 24. Rxe3 Rxe3 25. Qxe3 Nf6 26. Rd1 Nf7 27. Qe6 Qc7 28. Qf5 Re8 29. Nh5 Nxh5 30. Qxh5 Kg8 31. Rd3 Qd7 32. Rg3 Re1+ 33. Kh2 Ng5 34. Qg6 Qf7 35. Qxf7+ Nxf7 36. Rg6 Rd1 37. Nxd6 Ne5 38. Re6 Rxd5 39. Nxb7 Nc4 40. Rxa6 Nxb2 41. Rc6 c4 42. a6 1-0